Movies Directed by the Farrelly Brothers - Statistics

General Stats
  • This quiz has been taken 14 times
  • The average score is 8 of 12
Answer Stats
Summary Starring Film % Correct
Two dim-witted friends embark on a cross-country journey to return a briefcase to its owner, encountering a series of hilarious and absurd misadventures along the way. Jim Carrey, Jeff Daniels Dumb and Dumber
100%
Ted's life becomes hilariously chaotic when his high school crush reappears, triggering a series of outrageous and often embarrassing situations as several suitors compete for her affection. Cameron Diaz, Ben Stiller There's Something About Mary
100%
Sequel to #1 that reunites the dim-witted duo for another cross-country adventure as they search for one of their long-lost children. Jim Carrey, Jeff Daniels Dumb and Dumber To
80%
Two married men who are granted a week-long break from their marital commitments attempt to live out their fantasies. Owen Wilson, Jason Sudeikis Hall Pass
80%
A former professional bowler and an Amish man team up to compete in a high-stakes bowling tournament. Woody Harrelson, Randy Quaid Kingpin
80%
A mild-mannered, split-personality state trooper embarks on a cross-country journey to protect a woman and her son from criminals while contending with his aggressive alter ego. Jim Carrey, Renée Zellweger Me, Myself & Irene
70%
A superficial man is hypnotized to see inner beauty, leading him to pursue a woman he believes is incredibly attractive due to her inner qualities. Gwyneth Paltrow, Jack Black Shallow Hal
70%
Conjoined twin brothers decide to pursue their dreams independently as one of them wants to be an actor. Matt Damon, Greg Kinnear Stuck on You
60%
Homage to a classic comedy trio that follows their bumbling misadventures in a modern setting while they try to save the orphanage they grew up in. Sean Hayes, Will Sasso The Three Stooges
60%
Adaptation of a British novel that follows the ups and downs of a man's relationship with his girlfriend as he navigates his obsession with the Boston Red Sox baseball team. Drew Barrymore, Jimmy Fallon Fever Pitch
50%
A man hastily marries a woman during a vacation in Mexico, only to discover her extreme and off-putting behavior, leading him on a series of misadventures as he tries to escape the ill-fated union. Ben Stiller, Michelle Monaghan The Heartbreak Kid
50%
A white blood cell teams up with a cold pill to protect his unhealthy human host from a villainous virus. Chris Rock, Laurence Fishburne Osmosis Jones
40%
No matching quizzes found
Score Distribution
Percent of People with Each Score
Percentile by Number Answered
Your Score History
You have not taken this quiz